|
|
|
|
| LEADER |
00000nam a22000007a 4500 |
| 005 |
20210514002645.0 |
| 007 |
cr|||| |||| |
| 008 |
210514s2013 co |||||s|||| 00||0 spa d |
| 020 |
|
|
|a 978-958-762-114-3
|
| 035 |
|
|
|a 33379
|
| 040 |
|
|
|a vLex
|
| 090 |
|
|
|c 11661
|d 11661
|
| 100 |
1 |
|
|a Gutiřrez Viguera, Manuel
|
| 245 |
1 |
0 |
|a Interpretacin̤ y anl̀isis de balances
|h [Recurso electrn̤ico] /
|c Manuel Gutiřrez Viguera, ℓlvaro Couso Ruano
|
| 256 |
|
|
|a Servicio en ln̕ea
|
| 260 |
|
|
|a Bogot:̀
|b Ediciones de la U,
|c 2013
|
| 300 |
|
|
|a 1 recurso electrn̤ico
|
| 500 |
|
|
|a El programa utilizado en el presente libro es del tipo conocido como lineal. Este tipo de programa consiste en ir estudiando por orden las series, una tras otra, y dentro de cada serie, las cuestiones una a continuacin̤ de la otra.
|
| 506 |
1 |
|
|a Disponible solo en los productos indicados
|d vLex Global
|d vLex Global (Academic Edition, excluding Law Schools)
|d vLex Global (U.S. Academic Edition, Law Schools)
|d vLex Global (U.S. Academic Edition, excluding Law Schools)
|d vLex Global (Academic Edition, Law Schools)
|
| 650 |
0 |
4 |
|a Contabilidad
|z Colombia
|
| 650 |
0 |
4 |
|a Banca y finanzas
|z Colombia
|
| 700 |
1 |
|
|a Couso Ruano, ℓlvaro
|
| 740 |
0 |
|
|a vLex Libros (Servicio en ln̕ea)
|
| 856 |
4 |
0 |
|u https://vlex.com/source/interpretacion-y-analisis-de-balances-33379
|z Acceso restringido
|
| 942 |
|
|
|c BOOK
|
| 999 |
0 |
|
|a Accounting
|
| 999 |
0 |
|
|a Banking and finance
|